Official analytical methods of the American Spice Trade Association

Uloženo v:
Podrobná bibliografie
Korporativní autor: American Spice Trade Association (Autor)
Médium: Kniha
Jazyk:angličtina
Vydáno: Englewood Cliffs ASTA 1997
Vydání:4a. ed
Témata:
Tagy: Přidat tag
Žádné tagy, Buďte první, kdo vytvoří štítek k tomuto záznamu!

MARC

LEADER 00000nam a2200000 a 4500
001 UCI2406
003 CL-VaPUC
008 070824e19970000US |||||||||||||||||eng|d
082 0 4 |a 543  |b AME  |2 21 
110 2 |a American Spice Trade Association  |e author  |9 523429 
245 1 0 |a Official analytical methods of the American Spice Trade Association 
250 |a 4a. ed 
300 |a pág. irreg 
942 |c BK 
945 |d 20070824 00:00:00  |a rbrito 
260 |a Englewood Cliffs  |b ASTA  |c 1997 
650 0 |a Química analítica  |9 259648 
583 |a last modification  |c 20130618 10:07:24  |k Rodrigo Vera 
999 |c 326991  |d 326989 
952 |0 0  |1 0  |4 0  |6 543_000000000000000_AME_1997  |7 0  |8 F  |9 409326  |a BIBING  |b BIBING  |d 2019-11-22  |i 4248090  |o 543 AME 1997  |p 4248090  |r 2025-01-20  |w 2019-11-22  |y BK_F  |k EIB